| 000 | 00903nam a22002655a 4500 | ||
|---|---|---|---|
| 008 | 090413t2006 wb a frb 00110 eng dd | ||
| 020 | _a9783540343189 | ||
| 020 | _a3540343180 | ||
| 040 |
_aEG-ScBUE _beng _cEG-ScBUE |
||
| 082 | 0 | 4 |
_a629.892 _bBRA _222 |
| 100 | 1 |
_aBraunl, Thomas. _93624 |
|
| 245 | 1 | 0 |
_aEmbedded Robotics : _bMobile Robot Design and Applications with Embedded Systems / _cThomas Braunl |
| 250 | _a2nd ed. | ||
| 260 |
_aBerlin : _bSpringer, _cc. 2006 |
||
| 300 |
_a458 p. _bill. ; _c24 cm. |
||
| 500 | _aIndex: p. 451-458. | ||
| 504 | _aIncludes bibliographical references. | ||
| 590 | _aMohamed Hussein | ||
| 650 |
_aMobile robots. _93625 _2BUEsh |
||
| 650 |
_aRobotics. _919015 _2BUEsh |
||
| 651 | _2BUEsh | ||
| 653 |
_bENGELC _bENGGEN _cAugust2015 |
||
| 650 |
_93627 _aEmbedded computer systems _xDesign and construction _2BUEsh |
||
| 942 |
_cBB _k629.892 BRA _2ddc |
||
| 999 |
_c14748 _d14748 |
||